01254nab a22002417a 4500999001500000003000400015005001700019008004100036040000700077100003200084245012700116260007300243300001500316500007300331505026500404505008900669650002800758650003000786650001900816650002400835773014000859942001300999 c6336d6336OSt20260130212908.0190603e xxum|||| |||| 00| 0 spa d cPJ 97005aRoldán, Gustavo E. 13aEl defensor de menores e incapaces en los procesos de familia : bfunciones y desafíos actuales /cGustavo E. Roldán.  cCiudad Autónoma de Buenos Aires :aThomson Reuters La Ley, b2025. ap. 125-136 aCita: TR LALEY AR/DOC/2299/2025 Publicado en: RCCyC 2025 (Octubre). aSumario: I. Introducción.— II. Marco normativo y el rol del defensor.— III. Intervención en los diferentes procesos.— IV. Desafíos actuales.— V. Jurisprudencia relevante sobre la intervención obligatoria del defensor.— VI. Reflexión final.  t¿Te interesa el texto completo? Solicitalo al correo: koha@justierradelfuego.gov.ar 09967aDERECHO DE FAMILIA 093874aPROCESOS DE FAMILIA 092728aDEFENSOR 09180aDEBIDO PROCESO0 0271393170dCiudad Autónoma de Buenos Aires : Thomson Reuters La Ley, 2015-tRevista Código Civil y Comercial. Nº 5 - Octubre 2025 2udccANA